000 00333 a2200145 4500
001 156922
020 _a97885100419111
040 _cEscola São Tomás de Aquino
100 _aRENNÓ, Regina
240 1 0 _aQuer ficar comigo?
_lpor
245 1 0 _aQuer ficar comigo?
300 _a40 p.
697 _aEducação sexual
942 _cBK
999 _c156922
_d156922